Essentials of soil study with special reference to tropical areas (Record no. 62855)

MARC details
000 -LEADER
fixed length control field 00959nam a2200157 a 4500
008 - FIXED-LENGTH DATA ELEMENTS--GENERAL INFORMATION
fixed length control field 120416s1978 xx |||||||||||||| || u
050 ## - LIBRARY OF CONGRESS CALL NUMBER
Classification number S 591.55 Fan
100 ## - MAIN ENTRY--PERSONAL NAME
Personal name Faniran, A
245 10 - TITLE STATEMENT
Title Essentials of soil study with special reference to tropical areas
260 ## - PUBLICATION, DISTRIBUTION, ETC.
Date of publication, distribution, etc. 1978
350 ## -
-- 0.00
995 ## -
-- BINDERY (DAMAGED)
-- 0.00
-- 720248
-- CBU-MAIN LIBRARY (Kitwe)
-- 4
-- 9.99
-- S 591.55 Fan
-- 2
-- DAMAGED
-- 013637
-- Main Library Open Access Collection
995 ## -
-- BINDERY (DAMAGED)
-- 0.00
-- 720249
-- CBU-MAIN LIBRARY (Kitwe)
-- 2
-- 9.99
-- S 591.55 Fan
-- 4
-- DAMAGED
-- 013639
-- Main Library Open Access Collection
995 ## -
-- KAPASA MAKASA LIBRARY OPEN ACCESS
-- 0.00
-- 720250
-- CBU-KAPASA MAKASA LIBRARY (Chinsali)
-- 1
-- 9.99
-- S 591.55 Fan
-- 1
-- AVAILABLE
-- 013636
-- Kapasa Makasa Library Open Acess Collection
995 ## -
-- MAIN LIBRARY OPEN ACCESS
-- 0.00
-- 013638
-- CBU-MAIN LIBRARY (Kitwe)
-- 3
-- 9.99
-- S 591.55 Fan
-- 3
-- LOST
-- Mar 6, 2013
-- 013638
-- Main Library Open Access Collection
999 ## -
-- 62855
-- 62855
952 ## - LOCATION AND ITEM INFORMATION (KOHA)
-- Main Library Open Access Collection
Holdings
Withdrawn status Lost status Source of classification or shelving scheme Damaged status Not for loan Permanent Location Current Location Shelving location Date acquired Total Checkouts Full call number Barcode Date last seen Price effective from Koha item type
          CBU-MAIN LIBRARY, KITWE. CBU-MAIN LIBRARY, KITWE.   12/16/2022   S 591.55 Fan 013637 12/16/2022 12/16/2022 MONOGRAPH
          CBU-MAIN LIBRARY, KITWE. CBU-MAIN LIBRARY, KITWE.   12/16/2022   S 591.55 Fan 013639 12/16/2022 12/16/2022 MONOGRAPH
          CBU-MAIN LIBRARY, KITWE. CBU-MAIN LIBRARY, KITWE.   12/16/2022   S 591.55 Fan 013638 12/16/2022 12/16/2022 MONOGRAPH